[Event "ChFRA - Accession"]
[Site "Val d'Isere"]
[Date "2002.08.23"]
[Round "4"]
[White "Chabanon, Jean-Luc"]
[Black "Amigues, E."]
[Result "1-0"]
[WhiteElo "2400"]
[BlackElo "2252"]
[PlyCount "75"]
[EventDate "2002.08.??"]

1. d4 d5 2. c4 c6 3. Nf3 e6 4. e3 f5 5. Nc3 Nf6 6. Ne5 Bd6 7. f4 O-O 8. Be2 Ne4
9. Nxe4 fxe4 10. O-O Nd7 11. Bd2 Nxe5 12. fxe5 Be7 13. Rxf8+ Bxf8 14. Qb3 Qb6
15. Qc2 c5 16. Bc3 Bd7 17. Rf1 Be7 18. Bg4 Qc6 19. dxc5 Bxc5 20. Bd4 Bxd4 21.
exd4 Rf8 22. Rxf8+ Kxf8 23. Qf2+ Kg8 24. c5 Qa4 25. b3 Qb4 26. h4 Qc3 27. Kh2
e3 28. Qf4 Qd3 29. Qg5 Kf7 30. Qd8 Bc6 31. Bh5+ g6 32. Qf6+ Ke8 33. Qxe6+ Kf8
34. Qf6+ Ke8 35. Qh8+ Kd7 36. Qxh7+ Kd8 37. Qg8+ Ke7 38. Qg7+ 1-0

[Event "ChFRA - Accession"]
[Site "Val d'Isere"]
[Date "2002.08.23"]
[Round "4"]
[White "Guidarelli, Laurent"]
[Black "Harovelo, Ingmar"]
[Result "1-0"]
[WhiteElo "2418"]
[BlackElo "2242"]
[PlyCount "63"]
[EventDate "2002.08.??"]

1. e4 c5 2. Nc3 Nc6 3. Bb5 g6 4. Bxc6 bxc6 5. d3 Bg7 6. f4 d6 7. Nf3 Nf6 8. O-O
O-O 9. Qe1 Ne8 10. Qh4 f6 11. g4 Nc7 12. f5 e5 13. Qf2 Qd7 14. Be3 Qf7 15. b3
Bd7 16. Kh1 Nb5 17. Nd1 a5 18. Nb2 Nd4 19. c3 Nxf3 20. Qxf3 g5 21. Kg2 Rfb8 22.
Rh1 Qe7 23. h4 h6 24. Raf1 Bf8 25. Na4 Qf7 26. Rh2 Be8 27. Rfh1 Bg7 28. hxg5
hxg5 29. Qh3 Kf8 {#} 30. Nxc5 $1 Bd7 31. Nxd7+ Qxd7 32. Qh8+ 1-0

[Event "ChFRA - Accession"]
[Site "Val d'Isere"]
[Date "2002.08.23"]
[Round "5"]
[White "Lerch, Patrice"]
[Black "Le Roux, Jean-Pierre"]
[Result "0-1"]
[WhiteElo "2312"]
[BlackElo "2345"]
[PlyCount "48"]
[EventDate "2002.08.??"]

{Partie spectaculaire ou l'on voit se succeder attaque et contre-attaque avec
pour objectif exclusif le Roi ennemi...} 1. e4 e5 2. Nf3 Nc6 3. Bc4 Nf6 4. O-O
Bc5 5. Re1 O-O 6. c3 Nxe4 7. d4 exd4 8. cxd4 Bb4 9. Rxe4 d5 10. Bg5 Qd7 11. Rh4
dxc4 12. Nbd2 Qd5 13. Rc1 h6 14. Be3 Be7 15. Rf4 g5 16. Re4 f5 17. Re5 Nxe5 18.
Nxe5 f4 19. Qh5 Bf5 20. Ndxc4 fxe3 21. Nxe3 Qe6 22. Rxc7 Rac8 23. Rxb7 Rc1+ 24.
Nf1 Qa6 0-1

[Event "ChFRA - Accession"]
[Site "Val d'Isere"]
[Date "2002.08.23"]
[Round "4"]
[White "Chomet, Pascal"]
[Black "Letreguilly, Olivier"]
[Result "1-0"]
[WhiteElo "2376"]
[BlackElo "2268"]
[PlyCount "79"]
[EventDate "2002.08.??"]

1. e4 e6 2. d3 d5 3. Nd2 c5 4. g3 Nc6 5. Bg2 Nge7 6. h4 b6 7. Ngf3 Bb7 8. O-O
dxe4 9. dxe4 Nd4 10. Nh2 Nec6 11. c3 Nb5 12. e5 Qd3 13. Qa4 a6 14. Nc4 Qd8 15.
Qc2 Qc7 16. Nf3 Nba7 17. Bf4 Nc8 18. Rad1 h6 19. Rfe1 Ra7 20. Rd2 Ba8 21. a4
Be7 22. g4 h5 23. g5 g6 24. Nd6+ Kf8 25. Red1 Kg7 26. Ne4 Rd8 27. Nf6 Qb8 28.
Bg3 Rxd2 29. Nxd2 Bf8 30. Nde4 N8e7 31. Nd6 Na5 32. Be4 Bxe4 33. Qxe4 Nf5 34.
b4 Nb7 35. Nxf5+ exf5 36. Qc6 cxb4 37. cxb4 Bxb4 38. Nd7 Qd8 39. e6 Na5 40. Qd5
1-0

[Event "ChFRA - Accession"]
[Site "Val d'Isere"]
[Date "2002.08.23"]
[Round "4"]
[White "Deleva, Mickael"]
[Black "Benitah, Yohan"]
[Result "0-1"]
[WhiteElo "2180"]
[BlackElo "2341"]
[PlyCount "96"]
[EventDate "2002.08.??"]

1. d4 d5 2. c4 c6 3. Nf3 Nf6 4. Nc3 dxc4 5. a4 Bf5 6. Ne5 Na6 7. e3 Nb4 8. Bxc4
e6 9. O-O Bd6 10. Qe2 Nc2 11. Rb1 h5 12. Nf3 Ng4 13. Rd1 Bg6 14. h3 a6 15. e4
Nb4 16. Bg5 Be7 17. Bf4 Nf6 18. Ne5 Bh7 19. Bg5 Qc7 20. Rbc1 Rd8 21. Qf3 O-O
22. Nxf7 Rxf7 23. Bxe6 Rdf8 24. d5 Bg6 25. Bf4 Bd6 26. e5 Bxe5 27. d6 Qa5 28.
Nd5 Nfxd5 29. Bxe5 Kh7 30. Bxf7 Rxf7 31. Qg3 Qxa4 32. Rd4 Qb5 33. Rh4 Nd3 34.
Rf1 Nxe5 35. Qxe5 Nf4 36. Qxb5 axb5 37. Rd1 Nd5 38. g4 Kh6 39. f4 Rd7 40. gxh5
Bxh5 41. Re1 Rxd6 42. Re5 Nf6 43. Re7 Rd1+ 44. Kf2 Rd2+ 45. Ke1 Rxb2 46. Rxb7
c5 47. Rb6 c4 48. f5 c3 0-1

[Event "ChFRA - Accession"]
[Site "Val d'Isere"]
[Date "2002.08.23"]
[Round "4"]
[White "Saez, Frederic"]
[Black "Vachier-Lagrave, Maxime"]
[Result "1-0"]
[WhiteElo "2166"]
[BlackElo "2358"]
[PlyCount "55"]
[EventDate "2002.08.??"]

1. e4 c5 2. Nc3 Nc6 3. g3 g6 4. Bg2 Bg7 5. d3 e6 6. Be3 d6 7. Qd2 Nge7 8. Bh6
O-O 9. h4 Bxh6 10. Qxh6 f6 11. Qd2 e5 12. Nge2 Nd4 13. Nd5 Nxd5 14. exd5 Nxe2
15. Qxe2 f5 16. O-O-O f4 17. Bf3 a5 18. Rdg1 Kh8 19. g4 h6 20. g5 h5 {#} 21.
Bxh5 $3 gxh5 22. Qxh5+ Kg7 23. Qh6+ Kf7 24. g6+ Ke8 25. g7 Rg8 26. Qg6+ Ke7 27.
h5 Qe8 28. Qg5+ 1-0

[Event "ChFRA - Accession"]
[Site "Val d'Isere"]
[Date "2002.08.23"]
[Round "4"]
[White "Roos, Louis"]
[Black "Anic, Darko"]
[Result "0-1"]
[WhiteElo "2454"]
[BlackElo "2454"]
[PlyCount "64"]
[EventDate "2002.08.??"]

{Le champion de France 1977 affronte le vice champion ??} 1. e4 e5 2. Nf3 Nc6
3. d4 exd4 4. Nxd4 Bc5 5. Nb3 Bb4+ 6. Bd2 a5 7. a3 Bxd2+ 8. Qxd2 Nf6 9. Nc3 O-O
10. O-O-O d6 11. f4 Re8 12. Bc4 Bg4 13. Rde1 Be6 14. Bb5 Bd7 15. Qd3 Ne7 16. e5
Bxb5 17. Nxb5 dxe5 18. Qxd8 Rexd8 19. fxe5 Ne8 20. Rd1 b6 21. N3d4 Rd5 22. Rhe1
Rad8 23. c4 R5d7 24. Kc2 c5 25. e6 Rxd4 26. Nxd4 cxd4 27. exf7+ Kxf7 28. b4
axb4 29. axb4 Nc6 30. b5 Na5 31. Kd3 Nb3 32. Rf1+ Nf6 0-1

[Event "ChFRA - Accession"]
[Site "Val d'Isere"]
[Date "2002.08.23"]
[Round "4"]
[White "Bagheri, Amir"]
[Black "Midoux, Sebastien"]
[Result "1-0"]
[WhiteElo "2424"]
[BlackElo "2286"]
[PlyCount "105"]
[EventDate "2002.08.??"]

1. d4 g6 2. Nf3 Bg7 3. c3 d6 4. Bg5 c6 5. e4 Nd7 6. Bc4 Qc7 7. Qb3 e6 8. Nbd2
d5 9. Bd3 Ne7 10. O-O h6 11. Bxe7 Kxe7 12. Rfe1 Kf8 13. c4 dxe4 14. Nxe4 Nf6
15. Ne5 Kg8 16. c5 Nxe4 17. Bxe4 Bf6 18. Qg3 Kg7 19. f4 Kf8 20. Rad1 Rg8 21. a4
a5 22. Bf3 Bd7 23. f5 Bxe5 24. Qxe5 Rc8 25. f6 g5 26. g4 Ke8 27. Re3 Kd8 28. b4
axb4 29. Rb3 Ra8 30. Rxb4 Qxe5 31. dxe5 Kc7 32. Rd6 Bc8 33. Kf2 Ra5 34. Rc4 Rd8
35. Ke3 Rxd6 36. exd6+ Kd7 37. Kd4 Ra6 38. Rb4 Ra5 39. Be4 Ra6 40. Bc2 Ra5 41.
Rb1 Ra6 42. Kc4 b6 43. Rxb6 Rxb6 44. cxb6 Kxd6 45. a5 Ba6+ 46. Kc3 c5 {
#
Une petite subtilite donne le gain aux Blancs. Sauriez-vous la deceler?} 47.
Bd3 Bxd3 48. Kxd3 e5 49. a6 Kc6 50. b7 Kc7 51. h3 Kb8 52. Kc4 e4 53. Kxc5 1-0

[Event "ChFRA - Accession"]
[Site "Val d'Isere"]
[Date "2002.08.24"]
[Round "5"]
[White "Brunstein, Sandrine"]
[Black "Rouzaud, Philippe"]
[Result "0-1"]
[WhiteElo "2111"]
[BlackElo "2205"]
[PlyCount "42"]
[EventDate "2002.08.??"]

1. e4 e5 2. Nf3 f5 {#  Un gambit letton suffisament rare pour le signaler a ce
niveau... effet de surprise garanti.} 3. Bc4 fxe4 4. Nxe5 Qg5 5. d4 Qxg2 {#
}
6. Rf1 $6 (6. Qh5+ $142 g6 7. Bf7+ Kd8 8. Bxg6 $3 Qxh1+ 9. Ke2 c6 10. Nc3 Kc7
11. Bf4 Qxa1 12. Nxd7+ Bd6 13. Qc5 $3 $18 {Comme a l'epoque romantique...})
6... Nf6 7. Nc3 Bb4 8. Bf7+ Ke7 9. Bh5 d6 10. Nc4 Qxh2 11. Bg5 Bh3 12. Ne3
Bxc3+ 13. bxc3 Bxf1 14. Nd5+ Kf8 15. Bxf6 gxf6 16. Qg4 Nc6 17. Qf5 Qh4 18. Nxf6
Kg7 19. Ng4 Rhf8 20. Ne3 Kh8 21. Bf7 Qe7 0-1

[Event "ChFRA - Accession"]
[Site "Val d'Isere"]
[Date "2002.08.24"]
[Round "5"]
[White "Derieux, Christian"]
[Black "Gervasio, Ricardo"]
[Result "0-1"]
[WhiteElo "2199"]
[BlackElo "2347"]
[PlyCount "86"]
[EventDate "2002.08.??"]

1. d4 Nf6 2. c4 e6 3. Nc3 Bb4 4. a3 Bxc3+ 5. bxc3 d6 6. e3 O-O 7. Bd3 e5 8. Ne2
c5 9. d5 e4 10. Bb1 b5 11. cxb5 a6 12. b6 Nbd7 13. Ng3 Re8 14. O-O Nxb6 15. c4
Nxc4 16. Qc2 Ne5 17. Nxe4 Nxe4 18. Qxe4 f5 19. Qc2 Qf6 20. Bb2 Rb8 21. Kh1 Qh6
22. Qc3 Bd7 23. Bc2 {#  Il faut garder les sens en eveil en permanence...Les
Noirs jouent et gagnent la qualite ou 1 pion...} 23... Bb5 $1 24. Bxf5 $8 (24.
Rfe1 Ng4 25. h3 Nxf2+ 26. Kg1 Ne4) 24... Bxf1 25. Rxf1 Kh8 26. f4 Nc4 27. Bc1
Qf6 28. Qd3 h6 29. Bd7 Re7 30. Bg4 Nb2 31. Qxa6 c4 32. Bxb2 Qxb2 33. Qxd6 Rxe3
34. Bf5 Qb6 35. Qxb6 Rxb6 36. Kg1 g6 37. Be6 c3 38. Rc1 Re2 39. h4 c2 40. Kf1
Rexe6 41. dxe6 Rb1 42. e7 Rxc1+ 43. Kf2 Re1 0-1

[Event "ChFRA - Accession"]
[Site "Val d'Isere"]
[Date "2002.08.24"]
[Round "5"]
[White "Brih, Said"]
[Black "Vitoux, Colomban"]
[Result "1-0"]
[WhiteElo "2220"]
[BlackElo "2132"]
[PlyCount "68"]
[EventDate "2002.08.??"]

1. e4 c5 2. Nf3 Nc6 3. d4 cxd4 4. Nxd4 g6 5. c4 Bg7 6. Be3 Nf6 7. Nc3 O-O 8.
Be2 b6 9. O-O Bb7 10. f3 Rc8 11. Rc1 Nxd4 12. Bxd4 Bh6 13. Rc2 Nh5 14. g3 f5
15. f4 Nf6 16. exf5 gxf5 17. Bd3 e6 18. Nb5 d5 19. c5 bxc5 20. Rxc5 a6 21. Rxc8
Qxc8 22. Nd6 Qc6 23. Nxb7 Qxb7 24. Qe2 Ne4 25. Bxa6 Qb4 26. Be5 Ra8 27. Kh1 Qb6
28. Bd3 Rxa2 29. Bxe4 dxe4 30. Qh5 Bg7 31. Qg5 Qa7 32. Rd1 Ra1 33. Rxa1 Qxa1+
34. Kg2 Qa7 1-0

[Event "ChFRA - Accession"]
[Site "Val d'Isere"]
[Date "2002.08.24"]
[Round "5"]
[White "Harovelo, Ingmar"]
[Black "Bellaiche, Anthony"]
[Result "0-1"]
[WhiteElo "2242"]
[BlackElo "2369"]
[PlyCount "52"]
[EventDate "2002.08.??"]

1. d4 Nf6 2. c4 g6 3. Nc3 Bg7 4. g3 O-O 5. Bg2 c6 6. e4 d6 7. Nf3 Nbd7 8. O-O
e5 9. h3 exd4 10. Nxd4 Re8 11. Re1 Nc5 12. Qc2 a5 13. Be3 Bd7 14. Rad1 Qe7 15.
Bf4 Nh5 {#} 16. Nf5 Bxf5 $8 (16... gxf5 $4 17. Bxd6 Qg5 18. Bxc5 $16) 17. Bxd6
Qe6 18. Kh2 Nxe4 19. Nxe4 Nf6 20. f3 Rad8 21. Bf4 Bxe4 22. fxe4 Nh5 23. Bc7 Rd7
24. Bxa5 Be5 25. Re3 Nxg3 26. Rxg3 Bxg3+ 0-1

[Event "ChFRA - Accession"]
[Site "Val d'Isere"]
[Date "2002.08.24"]
[Round "5"]
[White "Gouret, Thierry"]
[Black "Capitaine, Adrien"]
[Result "1-0"]
[WhiteElo "2254"]
[BlackElo "2162"]
[PlyCount "67"]
[EventDate "2002.08.??"]

{Apres le Gambit Letton, le gambit Roi. Aujourd'hui, les participants de
l'open accession ont decide de jouer l'effet de surprise.} 1. e4 e5 2. f4 exf4
3. Bc4 Qh4+ 4. Kf1 d5 5. Nf3 Qh5 6. Bxd5 Nc6 7. Nc3 Bc5 8. Bxc6+ bxc6 9. d4 {
#
Regardez bien le fou en c5. Il va rester en prise pendant 10 coups!} 9...
Ba6+ 10. Kf2 O-O-O 11. Bxf4 g5 12. Be3 Nh6 13. h3 f5 14. exf5 g4 15. hxg4 Nxg4+
16. Kg1 Qxf5 17. Qd2 Nxe3 18. Qxe3 Rhe8 19. Qf2 Bxd4 20. Nxd4 Qxf2+ 21. Kxf2
Rxd4 22. Rad1 Rf4+ 23. Kg1 Re7 24. Rh6 Rg7 25. Rd2 Kb7 26. b3 Bb5 27. Rh5 a6
28. a4 Bf1 29. Re5 Rgf7 30. Ne4 Kb6 31. a5+ Ka7 32. Ng5 R4f5 33. Nxf7 Rxf7 34.
Rf2 1-0

[Event "ChFRA - Accession"]
[Site "Val d'Isere"]
[Date "2002.08.24"]
[Round "5"]
[White "Santo-Roman, Marc"]
[Black "Salus, Stephane"]
[Result "1-0"]
[WhiteElo "2418"]
[BlackElo "2218"]
[PlyCount "49"]
[EventDate "2002.08.??"]

1. e4 e6 2. d4 d5 3. Nc3 Bb4 4. e5 Ne7 5. a3 Bxc3+ 6. bxc3 b6 7. Qg4 Ng6 8. h4
h5 9. Qd1 Ba6 10. Bxa6 Nxa6 11. Bg5 Qd7 12. a4 c5 13. Ne2 Rc8 14. O-O cxd4 15.
cxd4 Rc4 16. c3 Qc6 17. Ng3 Rxc3 18. Nxh5 Qc4 19. Qg4 Nc5 20. Nxg7+ Kd7 21. Bf6
Rh6 22. h5 Nb3 23. Rad1 Nf8 24. Nf5 exf5 25. Qg7 1-0

[Event "ChFRA - Accession"]
[Site "Val d'Isere"]
[Date "2002.08.24"]
[Round "5"]
[White "Libiszewski, Fabien"]
[Black "Bagheri, Amir"]
[Result "1/2-1/2"]
[WhiteElo "2316"]
[BlackElo "2424"]
[PlyCount "59"]
[EventDate "2002.08.??"]

1. e4 c6 2. d4 d5 3. e5 Bf5 4. Nc3 Qb6 5. Bd3 Bxd3 6. Qxd3 e6 7. Nge2 Nd7 8.
O-O Ne7 9. a4 a6 10. a5 Qc7 11. b4 Nc8 12. Bd2 Be7 13. f4 g6 14. g4 f5 15. gxf5
exf5 16. Na4 b5 17. Nc5 Nf8 18. Be1 Kf7 19. Qh3 Ne6 20. Nxe6 Kxe6 21. Nc1 Qd8
22. Nd3 Ra7 23. Ra3 Rc7 24. Rc3 Qf8 25. Rf3 h6 26. Rg3 Rg8 27. Qg2 Qe8 28. Kh1
Na7 29. Rh3 Qf8 30. Rg3 1/2-1/2

[Event "ChFRA - Accession"]
[Site "Val d'Isere"]
[Date "2002.08.24"]
[Round "5"]
[White "Le Roux, Jean-Pierre"]
[Black "Chabanon, Jean-Luc"]
[Result "1/2-1/2"]
[WhiteElo "2345"]
[BlackElo "2483"]
[PlyCount "87"]
[EventDate "2002.08.??"]

{Deux des hommes en forme de ce tournoi se retrouvent pour un duel qui a tenu
toutes ces promesses. Au grand bonheur des spectateurs presents.} 1. e4 d6 2.
d4 Nf6 3. Nc3 g6 4. Be3 c6 5. Qd2 Nbd7 6. O-O-O b5 7. e5 b4 8. Nb1 Nd5 9. exd6
e6 10. Nf3 Bxd6 11. h4 Qa5 12. Bc4 Ba6 13. Bb3 Nxe3 14. Qxe3 Qf5 15. Nbd2 Bf4
16. Qe1 Nf6 17. g3 Bh6 18. Kb1 O-O 19. Ne5 Bxd2 20. Qxd2 Ne4 21. Qe3 Nxf2 22.
Rdf1 Ng4 23. Rxf5 Nxe3 24. Rxf7 Rxf7 25. Bxe6 Raf8 26. Re1 Nf5 27. Nxf7 Rxf7
28. Re5 Nxd4 29. Bxf7+ Kxf7 30. Ra5 Be2 31. Rxa7+ Ke6 32. Rxh7 Bd1 33. c3 bxc3
34. bxc3 Ne2 35. Rc7 Nxc3+ 36. Kb2 Ne4 37. Rxc6+ Kf5 38. Rc1 Be2 39. a4 Nxg3
40. a5 Kg4 41. Re1 Ba6 42. Re5 Bf1 43. Rg5+ Kxh4 44. Rxg6 1/2-1/2

[Event "ChFRA - Accession"]
[Site "Val d'Isere"]
[Date "2002.08.??"]
[Round "6.2"]
[White "Chabanon, Jean-Luc"]
[Black "Pira, Davoud"]
[Result "1-0"]
[WhiteElo "2483"]
[BlackElo "2447"]
[PlyCount "57"]
[EventDate "2002.08.??"]

1. Nf3 c5 2. c4 e6 3. g3 b6 4. Bg2 Bb7 5. O-O Nf6 6. Nc3 a6 7. Re1 Nc6 8. e4
Qc7 9. e5 Ng4 10. h3 Nh6 11. g4 Ng8 12. d3 h5 13. Bf4 hxg4 14. hxg4 Nh6 15. Nh2
O-O-O 16. b4 cxb4 {#} 17. Nd5 exd5 18. cxd5 Bc5 19. Rc1 Nd4 20. d6 Qb8 21. Rc4
Qa8 22. Be3 Kb8 23. Bxd4 Rc8 24. Bxc5 Rxc5 25. Rxb4 Rc1 26. Qxc1 Rc8 27. Rc4
Bc6 28. Bxc6 Rxc6 29. Qg5 1-0

[Event "ChFRA - Accession"]
[Site "Val d'Isere"]
[Date "2002.08.??"]
[Round "6.1"]
[White "Guidarelli, Laurent"]
[Black "Le Roux, Jean-Pierre"]
[Result "1-0"]
[WhiteElo "2418"]
[BlackElo "2345"]
[PlyCount "51"]
[EventDate "2002.08.??"]

1. e4 e5 2. Nf3 f5 3. Nxe5 Qf6 4. d4 d6 5. Nc4 fxe4 6. Nc3 Qg6 7. f3 exf3 8.
Qxf3 Nf6 9. Bd3 Qf7 10. O-O Be7 11. Ne3 Nc6 12. Ncd5 Bd8 13. c3 Be6 14. Nf4 d5
15. Nf5 O-O 16. Nxe6 Qxe6 17. Qh3 Kh8 18. Bg5 Ne4 19. Nh6 Qe8 20. Rxf8+ Qxf8
21. Rf1 Qe8 22. Bxe4 dxe4 23. Nf7+ Kg8 24. Qf5 Bxg5 25. Nxg5 g6 26. Qd5+ 1-0

[Event "ChFRA - Accession"]
[Site "Val d'Isere"]
[Date "2002.08.??"]
[Round "6.3"]
[White "Bellaiche, Anthony"]
[Black "Anic, Darko"]
[Result "1-0"]
[WhiteElo "2369"]
[BlackElo "2454"]
[PlyCount "83"]
[EventDate "2002.08.??"]

1. e4 e5 2. Nf3 Nc6 3. d4 exd4 4. Nxd4 Bc5 5. Nxc6 Qf6 6. Qd2 Qxc6 7. Bd3 Ne7
8. O-O O-O 9. b4 Bd4 10. c3 Bf6 11. Qe2 Qe6 12. f4 d6 13. Qc2 Kh8 14. Nd2 a5
15. b5 g6 16. Nf3 Bg7 17. Ng5 Qd7 18. f5 Ng8 19. fxg6 fxg6 20. Rxf8 Bxf8 21.
Qf2 Qe7 22. Be3 h6 23. Nf3 Bd7 24. Nh4 Be8 25. Qg3 Qe6 26. e5 Bg7 27. exd6 cxd6
28. Bd2 g5 29. Nf5 Be5 30. Qf3 Bg6 31. Nd4 Qf7 32. Bxg6 Qxg6 33. Rf1 Rb8 34.
Be1 Nf6 35. Bg3 {#} 35... Ne4 36. Bxe5+ dxe5 37. Nf5 Nc5 38. Qd5 Rc8 39. Qxe5+
Kh7 40. Ne7 Qe6 41. Qxe6 Nxe6 42. Nxc8 1-0

[Event "ChFRA - Accession"]
[Site "Val d'Isere"]
[Date "2002.08.??"]
[Round "6.4"]
[White "Olivier, Jean-Christophe"]
[Black "Marzolo, Cyril"]
[Result "1-0"]
[WhiteElo "2350"]
[BlackElo "2415"]
[PlyCount "93"]
[EventDate "2002.08.??"]

1. e4 e6 2. d4 d5 3. Nc3 Nf6 4. Bg5 Be7 5. e5 Nfd7 6. Bxe7 Qxe7 7. f4 O-O 8.
Nf3 c5 9. Qd2 Nc6 10. dxc5 f6 11. exf6 Qxf6 12. g3 Nxc5 13. O-O-O Rd8 14. Qe1
Bd7 15. Qe3 b6 16. Bb5 Ne7 17. Bxd7 Rxd7 18. Rhe1 Rc8 19. Nd4 Nc6 20. Nxc6 Rxc6
21. Qe5 a6 22. Qxf6 gxf6 23. f5 d4 24. fxe6 Rxe6 25. Rxe6 Nxe6 26. Ne4 Kg7 27.
Rf1 Rf7 28. Nd6 Rf8 29. Re1 Ng5 30. Nf5+ Kg6 31. Nxd4 Kh5 32. h4 Nf7 33. Re6
Ne5 34. Rxb6 Kg4 35. Rxa6 Kxg3 36. h5 Kh4 37. h6 Kh5 38. a4 Kxh6 39. Nc6 Kg5
40. Nxe5 fxe5 41. Re6 Kf4 42. Rh6 Ke3 43. b4 Rf4 44. c3 Kd3 45. Kb2 e4 46. Rd6+
Ke2 47. b5 1-0

[Event "ChFRA - Accession"]
[Site "Val d'Isere"]
[Date "2002.08.??"]
[Round "6.5"]
[White "Philippe, Christophe"]
[Black "Dunis, Aurelien"]
[Result "0-1"]
[WhiteElo "2316"]
[BlackElo "2404"]
[PlyCount "80"]
[EventDate "2002.08.??"]

1. e4 e5 2. Bc4 Nf6 3. d3 c6 4. Nf3 d5 5. Bb3 Bd6 6. Nc3 dxe4 7. Ng5 O-O 8.
Ngxe4 Nxe4 9. Nxe4 Na6 10. Qh5 Qc7 11. Ng5 h6 12. h4 Nc5 13. Qg6 hxg5 14. hxg5
Rd8 15. Rh7 Ne6 16. Bxe6 fxe6 17. Qh5 Kf8 18. g6 Ke8 19. Bg5 Bf8 20. Qf3 Kd7
21. O-O-O c5 22. Kb1 Kd6 23. d4 cxd4 24. Bxd8 Qxd8 25. Rh8 Bd7 26. c3 Ba4 27.
b3 Bc6 28. Qg3 Qf6 29. cxd4 Kc7 30. Rh5 Be4+ 31. Ka1 Qxg6 32. Rg5 Qf6 33. dxe5
Qf7 34. Rg4 Bc6 35. Rc4 Qh5 36. f3 Re8 37. Qf4 Be7 38. Qd4 Kb8 39. g4 Qh3 40.
Qc3 Qxf3 0-1

[Event "ChFRA - Accession"]
[Site "Val d'Isere"]
[Date "2002.08.??"]
[Round "6.6"]
[White "Bujisho, Benjamin"]
[Black "Saez, Frederic"]
[Result "1-0"]
[WhiteElo "2400"]
[BlackElo "2166"]
[PlyCount "77"]
[EventDate "2002.08.??"]

1. e4 c5 2. Nc3 d6 3. g3 Nc6 4. Bg2 g6 5. d3 Bg7 6. Be3 e6 7. Qd2 Qa5 8. Nge2
Nd4 9. Nc1 Ne7 10. O-O Nec6 11. Nb3 Qc7 12. Nd1 e5 13. Nc1 O-O 14. c3 Ne6 15.
Ne2 Qe7 16. f4 Nc7 17. f5 f6 18. g4 Rd8 19. c4 g5 20. Ndc3 Rb8 21. Nd5 Nxd5 22.
exd5 Nd4 23. Nc3 Qf7 24. Ne4 h5 25. h3 b5 26. b3 Rd7 27. h4 Bh6 28. Rac1 b4 29.
Rce1 Rb6 30. Rf2 Kh8 31. Nxg5 fxg5 32. Bxg5 Bg7 33. f6 Bf8 34. Be4 Qg8 35. f7
Rxf7 36. Rxf7 Qxf7 37. Rf1 Bf5 38. Bxf5 Nxf5 39. Rxf5 1-0

[Event "ChFRA - Accession"]
[Site "Val d'Isere"]
[Date "2002.08.??"]
[Round "6.7"]
[White "Chomet, Pascal"]
[Black "Gozzoli, Yannick"]
[Result "1/2-1/2"]
[WhiteElo "2376"]
[BlackElo "2373"]
[PlyCount "73"]
[EventDate "2002.08.??"]

1. e4 e5 2. Nf3 Nc6 3. Bb5 Nf6 4. d3 Bc5 5. O-O O-O 6. Nc3 d6 7. Bg5 h6 8. Bh4
Bg4 9. Bxc6 bxc6 10. h3 Bd7 11. Na4 Bb6 12. Qd2 Kh7 13. Nxb6 axb6 14. a4 c5 15.
a5 bxa5 16. Rxa5 Rxa5 17. Qxa5 g5 18. Bg3 Nh5 19. b4 cxb4 20. Qxb4 g4 21. hxg4
Bxg4 22. Nh2 Rg8 23. Nxg4 Rxg4 24. Qc4 Qd7 25. Rb1 Rg7 26. Rf1 c5 27. Qd5 Nf6
28. Qa8 Qe6 29. Rb1 h5 30. Rb8 Qg4 31. Rh8+ Kg6 32. Kh2 h4 33. Rxh4 Rh7 34.
Rxh7 Kxh7 35. f3 Qh5+ 36. Kg1 Qg5 37. Qd8 1/2-1/2

[Event "ChFRA - Accession"]
[Site "Val d'Isere"]
[Date "2002.08.??"]
[Round "6.8"]
[White "Brunelliere, Pierre"]
[Black "Rainfray, Arnaud"]
[Result "1-0"]
[WhiteElo "2294"]
[BlackElo "2374"]
[PlyCount "89"]
[EventDate "2002.08.??"]

1. Nf3 d5 2. b3 Bg4 3. Bb2 Nd7 4. g3 Ngf6 5. Bg2 e6 6. O-O Bd6 7. d3 O-O 8. c4
Qe7 9. a3 Bxf3 10. Bxf3 c6 11. Nd2 a5 12. Bg2 b5 13. Qc2 Rab8 14. d4 c5 15.
dxc5 Bxc5 16. cxd5 exd5 17. Nf3 Rfe8 18. e3 Rec8 19. Qf5 Bd6 20. Bh3 Rc7 21.
Rfd1 a4 22. b4 g6 23. Qg5 Rc2 24. Ra2 Qe4 25. Ne1 Qc4 26. Nxc2 Qxa2 27. Bxf6
Nxf6 28. Qxf6 Qxc2 29. Rxd5 Qb1+ 30. Bf1 Bf8 31. Rd7 Qb3 32. h4 h5 33. Bd3 Bg7
34. Qe7 Qe6 35. Qxe6 fxe6 36. Bxg6 Bb2 37. Rd3 Rc8 38. Bxh5 Rc1+ 39. Kg2 Ra1
40. Be8 Bxa3 41. Bxb5 Bb2 42. Bc4 Kf7 43. Rd6 a3 44. Bxe6+ Ke7 45. Ra6 1-0

[Event "ChFRA - Accession"]
[Site "Val d'Isere"]
[Date "2002.08.??"]
[Round "6.9"]
[White "Brochet, Philippe"]
[Black "Benitah, Yohan"]
[Result "1/2-1/2"]
[WhiteElo "2425"]
[BlackElo "2345"]
[PlyCount "85"]
[EventDate "2002.08.??"]

1. Nf3 d5 2. Nc3 e6 3. e4 Nf6 4. e5 Nfd7 5. d4 c5 6. dxc5 Nc6 7. Bg5 Be7 8.
Bxe7 Qxe7 9. Qe2 Nxc5 10. Qe3 O-O 11. O-O-O a6 12. h4 Bd7 13. Kb1 Rac8 14. Nd4
f5 15. exf6 Qxf6 16. f3 Qf4 17. Qf2 Qd6 18. h5 Ne7 19. Bd3 b5 20. Nb3 b4 21.
Nxc5 bxc3 22. Nxd7 Qxd7 23. Qd4 Qb7 24. b3 h6 25. g4 Qc7 26. Rde1 Qd6 27. Ka1
Rxf3 28. g5 e5 29. Qxe5 Qxe5 30. Rxe5 Nc6 31. Rxd5 Nb4 32. Rd6 Nxd3 33. cxd3
hxg5 34. Rc1 Rh3 35. Rxa6 Rxh5 36. Ra5 Rh2 37. Rxg5 Ra8 38. a4 Re8 39. Rc5 Ree2
40. R1xc3 Ra2+ 41. Kb1 Rhb2+ 42. Kc1 Rf2 43. Kb1 1/2-1/2

[Event "ChFRA - Accession"]
[Site "Val d'Isere"]
[Date "2002.08.??"]
[Round "6.10"]
[White "Bagheri, Amir"]
[Black "Roos, Louis"]
[Result "1-0"]
[WhiteElo "2424"]
[BlackElo "2334"]
[PlyCount "71"]
[EventDate "2002.08.??"]

1. d4 e6 2. Nf3 c5 3. c3 Nc6 4. e4 d5 5. exd5 exd5 6. Be3 cxd4 7. Nxd4 Bd6 8.
Nd2 Nf6 9. Be2 O-O 10. N2f3 Re8 11. Bg5 h6 12. Bh4 Bg4 13. O-O Nxd4 14. Nxd4
Bxe2 15. Nxe2 Re4 16. Bg3 Bc5 17. Nf4 Qd7 18. Qf3 Rae8 19. Rad1 Qb5 20. Nd3 Bb6
21. Bf4 Qc6 22. h3 a5 23. Rd2 d4 24. cxd4 Bxd4 25. b3 g5 26. Bg3 Qe6 27. Rc2 b6
28. Rfc1 g4 29. hxg4 Nxg4 30. Rf1 Qg6 31. Rc7 h5 32. Rd7 h4 33. Bxh4 Be5 34.
Bg3 Bxg3 35. Qxg3 Kf8 36. f3 1-0

[Event "ChFRA - Accession"]
[Site "Val d'Isere"]
[Date "2002.??.??"]
[Round "7.1"]
[White "Guidarelli, Laurent"]
[Black "Chabanon, Jean-Luc"]
[Result "1/2-1/2"]
[WhiteElo "2418"]
[BlackElo "2483"]
[PlyCount "89"]
[EventDate "2002.08.??"]

1. e4 c5 2. Nc3 Nc6 3. Nf3 d6 4. d4 cxd4 5. Nxd4 Nf6 6. f3 Nxd4 7. Qxd4 g6 8.
Bg5 Bg7 9. Bc4 O-O 10. Qd2 Bd7 11. Bh6 Bxh6 12. Qxh6 b5 13. Bb3 b4 14. Ne2 a5
15. h4 a4 16. Bc4 Qc7 17. Bd3 Ra5 18. Qd2 d5 19. exd5 Rxd5 20. Qxb4 Rb8 21. Qf4
Re5 22. O-O-O Nd5 23. Qc4 Bc6 24. Nd4 Rb6 25. Be4 a3 26. b3 Ne3 27. Qc3 Nxd1
28. Rxd1 {#} 28... Rxe4 29. fxe4 Qf4+ 30. Kb1 Qf6 31. e5 Qxe5 32. Nf5 f6 33.
Qxe5 fxe5 34. Nxe7+ Kf7 35. Nxc6 Rxc6 36. Rd7+ Ke6 37. Rxh7 e4 38. h5 Ke5 39.
Re7+ Kd4 40. h6 g5 41. Rd7+ Kc3 42. Kc1 Rxh6 43. Rc7+ Kd4 44. Kd2 Rh2 45. Rc4+
1/2-1/2